Выбор систем, моделей и алгоритмов формирования информационно-коммуникационной компетентности обучаемых; Современные технологии поддержки принятия решений в экономике

Dettagli Bibliografici
Parent link:Современные технологии поддержки принятия решений в экономике.— 2014.— [С. 79-82]
Autore principale: Молнин С. А. Станислав Андреевич
Ente Autore: Национальный исследовательский Томский политехнический университет (ТПУ) Юргинский технологический институт (филиал) (ЮТИ) Кафедра информационных систем (ИС)
Riassunto:Заглавие с титульного экрана
Lingua:russo
Pubblicazione: 2014
Serie:Системный анализ, управление и обработка информации в экономике
Soggetti:
Accesso online:http://earchive.tpu.ru/handle/11683/69480
http://www.lib.tpu.ru/fulltext/c/2014/C79/032.pdf
Natura: MixedMaterials Elettronico Capitolo di libro
KOHA link:https://koha.lib.tpu.ru/cgi-bin/koha/opac-detail.pl?biblionumber=608040

MARC

LEADER 00000naa2a2200000 4500
001 608040
005 20260317092539.0
035 |a (RuTPU)RU\TPU\conf\5456 
035 |a RU\TPU\conf\5454 
090 |a 608040 
100 |a 20140912d2014 k y0rusy50 ca 
101 0 |a rus 
102 |a RU 
135 |a drcn ---uucaa 
181 0 |a i  
182 0 |a b 
200 1 |a Выбор систем, моделей и алгоритмов формирования информационно-коммуникационной компетентности обучаемых  |f С. А. Молнин 
203 |a Текст  |c электронный 
225 1 |a Системный анализ, управление и обработка информации в экономике 
300 |a Заглавие с титульного экрана 
320 |a [Библиогр.: с. 82 (6 назв.)] 
337 |a Adobe Reader 
463 0 |0 (RuTPU)RU\TPU\conf\5406  |t Современные технологии поддержки принятия решений в экономике  |o сборник трудов Всероссийской научно-практической конференции студентов, аспирантов и молодых ученых, 28-20 апреля 2014 г., г. Юрга  |f Национальный исследовательский Томский политехнический университет (ТПУ), Юргинский технологический институт (ЮТИ) ; отв. ред. А. А. Захарова  |v [С. 79-82]  |d 2014 
610 1 |a труды учёных ТПУ 
610 1 |a электронный ресурс 
610 1 |a системы 
610 1 |a модели 
610 1 |a алгоритмы 
610 1 |a информационно-коммуникативные компетенции 
610 1 |a компетентность 
610 1 |a обучение 
700 1 |a Молнин  |b С. А.  |c специалист в области информатики и вычислительной техники  |c лаборант Юргинского технологического института Томского политехнического университета  |g Станислав Андреевич  |3 (RuTPU)RU\TPU\pers\32575  |9 16496 
712 0 2 |a Национальный исследовательский Томский политехнический университет (ТПУ)  |b Юргинский технологический институт (филиал) (ЮТИ)  |b Кафедра информационных систем (ИС)  |3 (RuTPU)RU\TPU\col\18893 
801 2 |a RU  |b 63413507  |c 20220214  |g RCR 
856 4 |u http://earchive.tpu.ru/handle/11683/69480 
856 4 |u http://www.lib.tpu.ru/fulltext/c/2014/C79/032.pdf 
942 |c BK